000 01098naa a22003137a 4500
001 BR9505782
003 BR-BrBNA
005 20240918181400.0
007 ta
008 230509b bl.||||| |||| 00| 0 por d
040 _aBR-BrBNA
_bpor
_cBiblioteca Nacional de Agricultura
041 _a(Pt)
072 _aH20
_b0120
_b9205
090 _aH20 BR9505782
100 1 _aDudienas, C.
100 1 _aIto, M.F.
100 1 _aDuarte, A.P.
111 1 _a3. Seminario sobre a Cultura do Milho "safrinha"
_cAssis, SP (Brazil)
_d9-10 Feb 1995
245 1 _aPatologia de graos de milho "safrinha" apos a ocorrencia de geada na cultura
260 3 _aSao Paulo, SP (Brasil):
_c1995.
500 _a3. Seminario sobre a cultura do milho "safrinha". Resumos Sao Paulo, SP (Brasil): 1995. p. 65-66 (BR9505782-AM)H20
650 _aMilho
650 _aGrao
650 _aDoenca de Planta
650 _aGeada
773 0 _t3. Seminario sobre a cultura do milho "safrinha". Resumos
_wH20 BR9505782
_gSao Paulo, SP (Brasil), 1995. p. 65-66
909 _a202404
_bLucia
_c55
_dLucia Elande
942 _cAM
_2AGRIS
999 _c325040
_d325040